[Event "Bucaramanga Santander-ch"]
[Site "Bucaramanga"]
[Date "2023.03.31"]
[Round "2"]
[White "Sanchez Castellanos, German Alex"]
[Black "Virviescas Sanchez, Christian Stewart"]
[Result "1-0"]
[WhiteElo "2096"]
[BlackElo "1631"]
[PlyCount "59"]
[EventDate "2023.03.31"]
[EventType "swiss"]
[EventRounds "7"]
[EventCountry "COL"]
[SourceTitle "CBM 213 Extra"]
[Source "ChessBase"]
[SourceDate "2023.05.31"]
[SourceVersion "1"]
[SourceVersionDate "2023.05.31"]
[SourceQuality "1"]

1. e4 e5 2. Nf3 Nf6 3. d4 exd4 4. e5 Nd5 5. Qxd4 Nb6 6. Nc3 Nc6 7. Qe4 Be7 8. Bf4 0-0 9. 0-0-0 d6 10. h4 Re8 11. h5 f5 12. Bc4+ Nxc4 13. Qxc4+ Kf8 14. exd6 cxd6 15. Nb5 d5 16. Qc3 Bb4 17. Qd3 Re4 18. Bc7 Qe7 19. Bg3 Be6 20. Bh4 Qd7 21. Ng5 Ne5 22. Nxe6+ Qxe6 23. Qxd5 Qxd5 24. Rxd5 a6 25. Nd4 f4 26. f3 Re3 27. Bf2 Re8 28. Bxe3 fxe3 29. c3 Be7 30. Rxe5 1-0

[Event "Bucaramanga Bonita op"]
[Site "Bucaramanga"]
[Date "2021.09.04"]
[Round "1"]
[White "Sanchez Castellanos, German Alex"]
[Black "Rueda Rojas, Richard Alejandro"]
[Result "1/2-1/2"]
[WhiteElo "2125"]
[BlackElo "1358"]
[PlyCount "37"]
[EventDate "2021.09.04"]
[EventType "swiss"]
[EventRounds "6"]
[EventCountry "COL"]
[SourceTitle "EXT 2022"]
[Source "ChessBase"]
[SourceDate "2021.10.06"]
[SourceVersion "1"]
[SourceVersionDate "2021.10.06"]
[SourceQuality "1"]

1. Nf3 Nf6 2. c4 g6 3. g3 Bg7 4. Bg2 0-0 5. 0-0 d6 6. Nc3 c5 7. d4 cxd4 8. Qxd4 Nc6 9. Qh4 Re8 10. Nd5 Be6 11. e4 Na5 12. Bd2 Nxc4 13. Bc3 Bxd5 14. exd5 Nb6 15. Ng5 h6 16. Bxf6 exf6 17. Nh3 f5 18. Qb4 Rc8 19. Rac1 1/2-1/2

[Event "Medellin Flores op 24th"]
[Site "Medellin"]
[Date "2017.08.06"]
[Round "7"]
[White "Castaneda Jimenez, Jhon David"]
[Black "Sanchez Castellanos, German Alex"]
[Result "1-0"]
[WhiteElo "2173"]
[BlackElo "2103"]
[PlyCount "57"]
[EventDate "2017.08.03"]
[EventType "swiss"]
[EventRounds "9"]
[EventCountry "COL"]
[SourceTitle "CBM 179 Extra"]
[Source "ChessBase"]
[SourceDate "2017.08.23"]
[SourceVersion "1"]
[SourceVersionDate "2017.08.23"]
[SourceQuality "1"]

1. Nf3 f5 2. c4 Nf6 3. Nc3 e6 4. d3 Bb4 5. Bd2 a5 6. a3 Bxc3 7. Bxc3 a4 8. e4 0-0 9. exf5 exf5 10. Be2 d6 11. 0-0 Nbd7 12. Re1 Nc5 13. Nd4 Re8 14. Qd2 c6 15. Qf4 Ne6 16. Nxe6 Bxe6 17. Bd1 d5 18. c5 Kf7 19. Qd4 Rg8 20. Bxa4 Nd7 21. Bd1 Qg5 22. f4 Qh4 23. Re3 Qe7 24. Bb4 g5 25. Bh5+ Kf8 26. Rae1 Qf6 27. Bc3 Qh6 28. Rxe6 Qxh5 29. Rf6+ 1-0

[Event "Bucaramanga Rueda Plata Memorial"]
[Site "Bucaramanga"]
[Date "2017.07.22"]
[Round "2"]
[White "Sanchez Castellanos, German Alex"]
[Black "Jaimes Franco, Francisco Javier"]
[Result "1-0"]
[WhiteElo "2103"]
[BlackElo "1448"]
[PlyCount "57"]
[EventDate "2017.07.22"]
[EventType "swiss"]
[EventRounds "6"]
[EventCountry "COL"]
[SourceTitle "EXT 2020"]
[Source "ChessBase"]
[SourceDate "2019.10.17"]
[SourceVersion "1"]
[SourceVersionDate "2019.10.17"]
[SourceQuality "1"]

1. d4 d5 2. c4 Nf6 3. cxd5 Nxd5 4. e4 Nf6 5. Nc3 e6 6. Nf3 Bb4 7. e5 Nd5 8. Bd2 0-0 9. Bd3 Nc6 10. 0-0 Qe7 11. Bxh7+ Kxh7 12. Ng5+ Kg8 13. Qh5 Qxg5 14. Qxg5 Be7 15. Qg4 f6 16. Bh6 Rf7 17. Nxd5 exd5 18. e6 f5 19. exf7+ Kxf7 20. Qxg7+ Ke6 21. Rfe1+ Kd7 22. Rxe7+ Nxe7 23. Bg5 Kc6 24. Qxe7 Bd7 25. Rc1+ Kb6 26. Qxd7 Rg8 27. Qxc7+ Kb5 28. Rc5+ Kb4 29. Qa5# 1-0

[Event "Caracas Hernandez Cup"]
[Site "Caracas"]
[Date "2014.10.12"]
[Round "8"]
[White "Diaz Carias, Salvador"]
[Black "Sanchez Castellanos, German Alex"]
[Result "0-1"]
[WhiteElo "2054"]
[BlackElo "2111"]
[PlyCount "36"]
[EventDate "2014.10.08"]
[EventType "swiss"]
[EventRounds "9"]
[EventCountry "VEN"]
[SourceTitle "EXT 2016"]
[Source "ChessBase"]
[SourceDate "2015.10.08"]
[SourceVersion "1"]
[SourceVersionDate "2015.10.08"]
[SourceQuality "1"]

1. e4 e5 2. Nf3 Nf6 3. d4 Nxe4 4. Bd3 d5 5. Nxe5 Nd7 6. Nxd7 Bxd7 7. 0-0 Qh4 8. c4 0-0-0 9. c5 g5 10. Be3 f5 11. f4 gxf4 12. Bxf4 Bg7 13. Be2 Rhg8 14. Nc3 Bh6 15. Qc1 Rxg2+ 16. Kxg2 Rg8+ 17. Kh1 Qf2 18. Bf3 Qg1+ 0-1

[Event "Caracas Hernandez Cup"]
[Site "Caracas"]
[Date "2014.10.11"]
[Round "7"]
[White "Sanchez Castellanos, German Alex"]
[Black "Mora Moron, Jose Ramon"]
[Result "0-1"]
[WhiteElo "2111"]
[BlackElo "2180"]
[PlyCount "80"]
[EventDate "2014.10.08"]
[EventType "swiss"]
[EventRounds "9"]
[EventCountry "VEN"]
[SourceTitle "EXT 2016"]
[Source "ChessBase"]
[SourceDate "2015.10.08"]
[SourceVersion "1"]
[SourceVersionDate "2015.10.08"]
[SourceQuality "1"]

1. c4 e6 2. Nc3 d5 3. d4 Be7 4. cxd5 exd5 5. Nf3 Nf6 6. Bg5 c6 7. Qc2 g6 8. e3 Bf5 9. Bd3 Bxd3 10. Qxd3 Nbd7 11. 0-0 0-0 12. Rab1 a5 13. Rfc1 Re8 14. a3 Ne4 15. Bxe7 Qxe7 16. Qc2 Nd6 17. b3 Kg7 18. Qb2 Nb6 19. a4 Nd7 20. Nd2 Nb6 21. Ne2 Kg8 22. Nf4 Nf5 23. Qc3 Ng7 24. Nd3 Nf5 25. Nc5 Nd6 26. b4 Nbc4 27. Nxc4 Nxc4 28. bxa5 Ra7 29. Rb4 Qc7 30. Rcb1 Qxa5 31. Nb3 Qc7 32. Nd2 Nd6 33. Qb3 Rea8 34. h4 Qd7 35. Qd3 Qf5 36. R1b3 b5 37. axb5 Nxb5 38. Qf1 Qc2 39. Qe2 Qc1+ 40. Kh2 h5 0-1

[Event "Caracas Hernandez Cup"]
[Site "Caracas"]
[Date "2014.10.09"]
[Round "3"]
[White "Heredia, Dorges"]
[Black "Sanchez Castellanos, German Alex"]
[Result "0-1"]
[WhiteElo "2214"]
[BlackElo "2111"]
[PlyCount "71"]
[EventDate "2014.10.08"]
[EventType "swiss"]
[EventRounds "9"]
[EventCountry "VEN"]
[SourceTitle "EXT 2016"]
[Source "ChessBase"]
[SourceDate "2015.10.08"]
[SourceVersion "1"]
[SourceVersionDate "2015.10.08"]
[SourceQuality "1"]

1. d4 Nf6 2. c4 e6 3. Nc3 Bb4 4. Qc2 0-0 5. Bg5 c5 6. dxc5 Na6 7. a3 Bxc3+ 8. Qxc3 Nxc5 9. f3 a5 10. Nh3 Re8 11. Rd1 e5 12. e4 d6 13. Nf2 Nfxe4 14. Bxd8 Nxc3 15. Rxd6 Bf5 16. Bb6 N3a4 17. b4 axb4 18. axb4 Nxb6 19. Rxb6 Ra1+ 20. Nd1 Na4 21. Rxb7 e4 22. f4 Nc3 23. Be2 Nxe2 24. Kxe2 Bg4+ 25. Ke3 Bxd1 26. Rd7 Ra3+ 27. Kd2 e3+ 28. Kc1 e2 29. Rb7 Ra2 30. Kb1 Rd2 31. Kc1 Rd4 32. g3 g6 33. Kb2 Rxc4 34. Rb6 Kf8 35. Rb7 Rd8 36. Rb6 0-1

[Event "Panama op 3rd"]
[Site "Panama City"]
[Date "2013.11.04"]
[Round "8"]
[White "Sanchez Castellanos, German Alex"]
[Black "Pazos Gambarrotti, Plinio Efrain"]
[Result "0-1"]
[WhiteElo "2064"]
[BlackElo "2298"]
[PlyCount "57"]
[EventDate "2013.10.30"]
[EventType "swiss"]
[EventRounds "9"]
[EventCountry "PAN"]
[SourceTitle "EXT 2014"]
[Source "ChessBase"]
[SourceDate "2013.11.20"]
[SourceVersion "1"]
[SourceVersionDate "2013.11.20"]
[SourceQuality "1"]

1. d4 Nf6 2. c4 e6 3. Nf3 d5 4. Nc3 c6 5. cxd5 exd5 6. Qc2 Be7 7. Bg5 Nbd7 8. e3 0-0 9. Bd3 Re8 10. 0-0 Nf8 11. Bxf6 Bxf6 12. b4 Bg4 13. Nd2 Rc8 14. Bf5 Bxf5 15. Qxf5 Re6 16. Rab1 Be7 17. Rfc1 Rf6 18. Qd3 Bd6 19. Nf1 Rh6 20. e4 dxe4 21. Nxe4 Ne6 22. Nxd6 Qxd6 23. d5 Rd8 24. Qe3 Qxd5 25. Qxa7 Nf4 26. Ne3 Qh5 27. h3 Nxh3+ 28. gxh3 Qxh3 29. f3 0-1

[Event "Caracas Onapre Cup 3rd"]
[Site "Caracas"]
[Date "2013.07.07"]
[Round "7"]
[White "Bianco Diaz, Rogelio Jose"]
[Black "Sanchez Castellanos, German Alex"]
[Result "0-1"]
[WhiteElo "1898"]
[BlackElo "2083"]
[PlyCount "92"]
[EventDate "2013.07.04"]
[EventType "swiss"]
[EventRounds "7"]
[EventCountry "VEN"]
[SourceTitle "EXT 2018"]
[Source "ChessBase"]
[SourceDate "2017.10.13"]
[SourceVersion "1"]
[SourceVersionDate "2017.10.13"]
[SourceQuality "1"]

1. d4 Nf6 2. f4 c5 3. e3 d5 4. Nf3 Nc6 5. c3 Bf5 6. Bb5 a6 7. Bxc6+ bxc6 8. 0-0 e6 9. Qa4 Qb6 10. Ne5 Rc8 11. Nd2 Be7 12. Ndf3 0-0 13. h3 Rc7 14. g4 Be4 15. Nd2 Qb5 16. Qxb5 cxb5 17. g5 Ne8 18. Nxe4 dxe4 19. a3 f5 20. Bd2 Bd6 21. g6 Bxe5 22. gxh7+ Kxh7 23. dxe5 Rd7 24. Rad1 c4 25. Kf2 Nc7 26. Ke2 Rfd8 27. Bc1 Rd3 28. h4 Rxd1 29. Rxd1 Rxd1 30. Kxd1 Kh6 31. Bd2 Kh5 32. Be1 Nd5 33. Bf2 Ne7 34. Kc2 Ng6 35. b3 Nxh4 36. a4 Ng2 37. axb5 axb5 38. bxc4 bxc4 39. Kd2 Kg4 40. Ke2 g6 41. Bg1 Nh4 42. Bf2 Nf3 43. Kf1 Kh3 44. Be1 Nxe1 45. Kxe1 Kg3 46. Ke2 Kg2 0-1

[Event "San Cristobal Bolivar op 1st"]
[Site "San Cristobal"]
[Date "2012.09.26"]
[Round "2"]
[White "Prasca Sosa, Rafael Felipe"]
[Black "Sanchez Castellanos, German Alex"]
[Result "1-0"]
[WhiteElo "2429"]
[BlackElo "2129"]
[PlyCount "71"]
[EventDate "2012.09.25"]
[EventType "swiss"]
[EventRounds "10"]
[EventCountry "VEN"]
[SourceTitle "EXT 2013"]
[Source "ChessBase"]
[SourceDate "2012.11.22"]
[SourceVersion "1"]
[SourceVersionDate "2012.11.22"]
[SourceQuality "1"]

1. e4 c5 2. Nf3 Nc6 3. Nc3 Nf6 4. d4 cxd4 5. Nxd4 e5 6. Ndb5 d6 7. Bg5 a6 8. Na3 b5 9. Nd5 Be7 10. Bxf6 Bxf6 11. c4 Bg5 12. cxb5 Nd4 13. b6 0-0 14. Bc4 Kh8 15. 0-0 f5 16. Nc2 Nxc2 17. Qxc2 fxe4 18. Qxe4 Bf5 19. Qe2 a5 20. a4 Qd7 21. b4 Bg4 22. f3 Be6 23. Nc7 Bxc4 24. Qxc4 Be3+ 25. Kh1 Rac8 26. bxa5 Rf4 27. Qb5 Qf7 28. Nd5 Rc5 29. Nxe3 Rxb5 30. axb5 Qd7 31. a6 Rf8 32. b7 d5 33. Rfc1 d4 34. Rc8 Rxc8 35. bxc8Q+ Qxc8 36. a7 1-0